000
00208 a2200097 4500
001
58279
100
_a
245
_a
Socio-economic system of islam
260
_a
Lahore
_b
Malik sons
_c
090
_c
35776
_d
35776
942
_a
NUST-CAE
_c
_c
28642
999
_c
293352
_d
293352